000 00300nam a2200121Ia 4500
005 20251222141949.0
008 251222s9999||||xx |||||||||||||| ||spa||
020 _a84-8055-262-X
082 _aREF.370/C95/Ej.2
245 0 _aDiccionario de PedagogĂ­a y PsicologĂ­a
264 _bCultural
942 _cLIB
999 _c9607
_d9607